<?xml version="1.0" encoding="UTF-8"?>
<collection xmlns="http://www.loc.gov/MARC21/slim">
 <record>
  <leader>11351cam a2201621 c 4500</leader>
  <controlfield tag="001">821152203</controlfield>
  <controlfield tag="003">DE-627</controlfield>
  <controlfield tag="005">20260324085717.0</controlfield>
  <controlfield tag="007">tu</controlfield>
  <controlfield tag="008">131127s2014    gw |||||      00| ||ger c</controlfield>
  <datafield tag="010" ind1=" " ind2=" ">
   <subfield code="a">  2014443802</subfield>
  </datafield>
  <datafield tag="015" ind1=" " ind2=" ">
   <subfield code="a">13,N48</subfield>
   <subfield code="2">dnb</subfield>
  </datafield>
  <datafield tag="015" ind1=" " ind2=" ">
   <subfield code="a">13,N48</subfield>
   <subfield code="2">dnb</subfield>
  </datafield>
  <datafield tag="016" ind1="7" ind2=" ">
   <subfield code="a">1044422556</subfield>
   <subfield code="2">DE-101</subfield>
  </datafield>
  <datafield tag="020" ind1=" " ind2=" ">
   <subfield code="a">3100168038</subfield>
   <subfield code="q"> : geb. : EUR 24.99</subfield>
   <subfield code="9">3-10-016803-8</subfield>
  </datafield>
  <datafield tag="020" ind1=" " ind2=" ">
   <subfield code="q">fest geb. : EUR 24.99</subfield>
  </datafield>
  <datafield tag="020" ind1=" " ind2=" ">
   <subfield code="a">9783100168030</subfield>
   <subfield code="q"> : geb. : EUR 24.99</subfield>
   <subfield code="9">978-3-10-016803-0</subfield>
  </datafield>
  <datafield tag="020" ind1=" " ind2=" ">
   <subfield code="a">9783596370771</subfield>
   <subfield code="9">978-3-596-37077-1</subfield>
  </datafield>
  <datafield tag="020" ind1=" " ind2=" ">
   <subfield code="a">3596370779</subfield>
   <subfield code="9">3-596-37077-9</subfield>
  </datafield>
  <datafield tag="024" ind1="3" ind2=" ">
   <subfield code="a">9783100168030</subfield>
  </datafield>
  <datafield tag="024" ind1="8" ind2=" ">
   <subfield code="a">F</subfield>
   <subfield code="q">Identnummer</subfield>
  </datafield>
  <datafield tag="028" ind1="5" ind2="2">
   <subfield code="a">1014228</subfield>
  </datafield>
  <datafield tag="035" ind1=" " ind2=" ">
   <subfield code="a">(DE-627)821152203</subfield>
  </datafield>
  <datafield tag="035" ind1=" " ind2=" ">
   <subfield code="a">(DE-603)342638653</subfield>
  </datafield>
  <datafield tag="035" ind1=" " ind2=" ">
   <subfield code="a">(DE-576)408757094</subfield>
  </datafield>
  <datafield tag="035" ind1=" " ind2=" ">
   <subfield code="a">(DE-599)GBV821152203</subfield>
  </datafield>
  <datafield tag="035" ind1=" " ind2=" ">
   <subfield code="a">(OCoLC)882904925</subfield>
  </datafield>
  <datafield tag="035" ind1=" " ind2=" ">
   <subfield code="a">(OCoLC)884281410</subfield>
  </datafield>
  <datafield tag="035" ind1=" " ind2=" ">
   <subfield code="a">(OCoLC)864724781</subfield>
  </datafield>
  <datafield tag="035" ind1=" " ind2=" ">
   <subfield code="a">(OCoLC)884281410</subfield>
  </datafield>
  <datafield tag="035" ind1=" " ind2=" ">
   <subfield code="a">(OCoLC)1080928966</subfield>
  </datafield>
  <datafield tag="035" ind1=" " ind2=" ">
   <subfield code="a">(OCoLC)864724781</subfield>
  </datafield>
  <datafield tag="040" ind1=" " ind2=" ">
   <subfield code="a">DE-627</subfield>
   <subfield code="b">ger</subfield>
   <subfield code="c">DE-627</subfield>
   <subfield code="e">rda</subfield>
  </datafield>
  <datafield tag="041" ind1=" " ind2=" ">
   <subfield code="a">ger</subfield>
  </datafield>
  <datafield tag="044" ind1=" " ind2=" ">
   <subfield code="c">XA-DE-HE</subfield>
  </datafield>
  <datafield tag="050" ind1=" " ind2="0">
   <subfield code="a">PN3352.D57</subfield>
  </datafield>
  <datafield tag="082" ind1="0" ind2=" ">
   <subfield code="a">303.49</subfield>
   <subfield code="2">22/ger</subfield>
  </datafield>
  <datafield tag="082" ind1="0" ind2=" ">
   <subfield code="a">303.48501</subfield>
   <subfield code="q">DE-101</subfield>
  </datafield>
  <datafield tag="082" ind1="0" ind2="4">
   <subfield code="a">300</subfield>
   <subfield code="a">200</subfield>
   <subfield code="a">800</subfield>
   <subfield code="a">100</subfield>
   <subfield code="q">DNB</subfield>
  </datafield>
  <datafield tag="084" ind1=" " ind2=" ">
   <subfield code="a">5,1</subfield>
   <subfield code="2">ssgn</subfield>
  </datafield>
  <datafield tag="084" ind1=" " ind2=" ">
   <subfield code="a">MS 8010</subfield>
   <subfield code="2">rvk</subfield>
   <subfield code="0">(DE-625)rvk/123807:</subfield>
  </datafield>
  <datafield tag="084" ind1=" " ind2=" ">
   <subfield code="a">MR 5800</subfield>
   <subfield code="2">rvk</subfield>
   <subfield code="0">(DE-625)rvk/123524:</subfield>
  </datafield>
  <datafield tag="084" ind1=" " ind2=" ">
   <subfield code="a">MS 7850-MS 7990</subfield>
   <subfield code="q">BVB</subfield>
   <subfield code="2">rvk</subfield>
   <subfield code="0">(DE-625)rvk/123797:</subfield>
  </datafield>
  <datafield tag="084" ind1=" " ind2=" ">
   <subfield code="a">MR 6300</subfield>
   <subfield code="q">BVB</subfield>
   <subfield code="2">rvk</subfield>
   <subfield code="0">(DE-625)rvk/123531:</subfield>
  </datafield>
  <datafield tag="084" ind1=" " ind2=" ">
   <subfield code="a">CV 9000</subfield>
   <subfield code="q">DE-16-143</subfield>
   <subfield code="2">rvk</subfield>
   <subfield code="0">(DE-625)rvk/19170:</subfield>
  </datafield>
  <datafield tag="084" ind1=" " ind2=" ">
   <subfield code="a">CV 9500</subfield>
   <subfield code="q">DE-16-143</subfield>
   <subfield code="2">rvk</subfield>
   <subfield code="0">(DE-625)rvk/19171:</subfield>
  </datafield>
  <datafield tag="084" ind1=" " ind2=" ">
   <subfield code="a">WU 3800</subfield>
   <subfield code="q">DE-16-143</subfield>
   <subfield code="2">rvk</subfield>
   <subfield code="0">(DE-625)rvk/152034:</subfield>
  </datafield>
  <datafield tag="084" ind1=" " ind2=" ">
   <subfield code="a">MS 7850</subfield>
   <subfield code="2">rvk</subfield>
   <subfield code="0">(DE-625)rvk/123798:</subfield>
  </datafield>
  <datafield tag="084" ind1=" " ind2=" ">
   <subfield code="a">MR 7300</subfield>
   <subfield code="q">BVB</subfield>
   <subfield code="2">rvk</subfield>
   <subfield code="0">(DE-625)rvk/123541:</subfield>
  </datafield>
  <datafield tag="084" ind1=" " ind2=" ">
   <subfield code="a">MS 6980</subfield>
   <subfield code="2">rvk</subfield>
   <subfield code="0">(DE-625)rvk/123774:</subfield>
  </datafield>
  <datafield tag="084" ind1=" " ind2=" ">
   <subfield code="a">EC 5410</subfield>
   <subfield code="q">BVB</subfield>
   <subfield code="2">rvk</subfield>
   <subfield code="0">(DE-625)rvk/20606:</subfield>
  </datafield>
  <datafield tag="084" ind1=" " ind2=" ">
   <subfield code="a">77.69</subfield>
   <subfield code="2">bkl</subfield>
  </datafield>
  <datafield tag="084" ind1=" " ind2=" ">
   <subfield code="a">02.40</subfield>
   <subfield code="2">bkl</subfield>
  </datafield>
  <datafield tag="084" ind1=" " ind2=" ">
   <subfield code="a">18.00</subfield>
   <subfield code="2">bkl</subfield>
  </datafield>
  <datafield tag="084" ind1=" " ind2=" ">
   <subfield code="a">17.93</subfield>
   <subfield code="2">bkl</subfield>
  </datafield>
  <datafield tag="100" ind1="1" ind2=" ">
   <subfield code="a">Horn, Eva</subfield>
   <subfield code="d">1965-</subfield>
   <subfield code="e">VerfasserIn</subfield>
   <subfield code="0">(DE-588)130581496</subfield>
   <subfield code="0">(DE-627)504162071</subfield>
   <subfield code="0">(DE-576)167793594</subfield>
   <subfield code="4">aut</subfield>
  </datafield>
  <datafield tag="245" ind1="1" ind2="0">
   <subfield code="a">Zukunft als Katastrophe</subfield>
   <subfield code="c">Eva Horn</subfield>
  </datafield>
  <datafield tag="264" ind1=" " ind2="1">
   <subfield code="a">Frankfurt am Main</subfield>
   <subfield code="b">S. Fischer</subfield>
   <subfield code="c">[2014]</subfield>
  </datafield>
  <datafield tag="264" ind1=" " ind2="4">
   <subfield code="c">© 2014</subfield>
  </datafield>
  <datafield tag="300" ind1=" " ind2=" ">
   <subfield code="a">474 Seiten</subfield>
   <subfield code="b">Illustrationen, Diagramme</subfield>
  </datafield>
  <datafield tag="336" ind1=" " ind2=" ">
   <subfield code="a">Text</subfield>
   <subfield code="b">txt</subfield>
   <subfield code="2">rdacontent</subfield>
  </datafield>
  <datafield tag="337" ind1=" " ind2=" ">
   <subfield code="a">ohne Hilfsmittel zu benutzen</subfield>
   <subfield code="b">n</subfield>
   <subfield code="2">rdamedia</subfield>
  </datafield>
  <datafield tag="338" ind1=" " ind2=" ">
   <subfield code="a">Band</subfield>
   <subfield code="b">nc</subfield>
   <subfield code="2">rdacarrier</subfield>
  </datafield>
  <datafield tag="490" ind1="0" ind2=" ">
   <subfield code="a">S. Fischer Wissenschaft</subfield>
  </datafield>
  <datafield tag="500" ind1=" " ind2=" ">
   <subfield code="a">Literatur- und URL-Verzeichnis: Seite 436-462</subfield>
  </datafield>
  <datafield tag="520" ind1=" " ind2=" ">
   <subfield code="a">Unsere Gegenwart gefällt sich darin, Zukunft als Katastrophe zu denken, in Kino, Wissenschaft und Literatur. Eva Horn geht der Geschichte und den Motiven dieses modernen Katastrophenbewusstseins nach. Sie legt dabei die biopolitischen Konflikte frei, die in den Untergangsszenarien – von der Verdunklung des Globus über den Atomtod bis zum Klimawandel – ausgetragen werden. Sie zeigt aber auch, wie in den Rufen nach Sicherheit und Prävention Fiktionen wirksam sind, die man als solche begreifen und analysieren muss. Die künftige Katastrophe zu entziffern bedeutet nämlich immer, eine Geschichte schon zu Ende zu erzählen, die sich erst noch ereignen soll. „Am Ende liegt alles in Trümmern: Die Germanistin Eva Horn hat einen gelehrten, aufregenden Essay über Apokalypsendarstellungen in Literatur und Film geschrieben... Aus der Fülle an literatur- und filmhistorischen Szenarien präpariert Horn die zentralen Motive unserer Apokalypsenahnungen heraus. Eine ganze Motivgeschichte liegt vor uns. Die unmittelbare Verbindung von Meteorologie und Anthropologie. Die Natur, die ihren Raum wiedererobert. Die Entvölkerung und die Überbevölkerung, deren Endpunkt die Hungersnot ist und die zwangläufige Denaturierung des Menschen: Er wird zu seiner eigenen Ressource. Das ist die schaurige Konsequenz, von der etwa sowohl McCarthys entleerte Welt in The Road erzählt als auch Richard Fleischers Science-Fiction-Film Soylent Green (1973), in dem in einem überbevölkerten New York ein Nahrungsmittel aus Menschen hergestellt wird. Horn stellt nicht nur nüchtern fest, dass der Mensch &quot;von der eigenen Auslöschung&quot; träume und davon, &quot;irgendwann spurlos verschwunden zu sein&quot;. Ebenso verweist sie auf die Möglichkeit der politischen Instrumentalisierung, auf die Suggestionskraft solcher Erzählungen“ (ZEIT). Platz 4 der SZ/NDR Kultur-Sachbücher des Monats August 2014</subfield>
  </datafield>
  <datafield tag="583" ind1="1" ind2=" ">
   <subfield code="a">Archivierung/Langzeitarchivierung gewährleistet</subfield>
   <subfield code="c">20211213</subfield>
   <subfield code="f">SLG</subfield>
   <subfield code="x">XA-DE-BW</subfield>
   <subfield code="z">IGPP</subfield>
   <subfield code="2">pdager</subfield>
   <subfield code="5">DE-25</subfield>
  </datafield>
  <datafield tag="648" ind1=" " ind2="7">
   <subfield code="a">Geschichte</subfield>
   <subfield code="2">gnd</subfield>
  </datafield>
  <datafield tag="650" ind1=" " ind2="0">
   <subfield code="a">Fiction</subfield>
   <subfield code="x">History and criticism</subfield>
  </datafield>
  <datafield tag="650" ind1=" " ind2="0">
   <subfield code="a">Disasters in literature</subfield>
  </datafield>
  <datafield tag="650" ind1=" " ind2="0">
   <subfield code="a">Future, The, in literature</subfield>
  </datafield>
  <datafield tag="650" ind1=" " ind2="0">
   <subfield code="a">Disaster films</subfield>
   <subfield code="x">History and criticism</subfield>
  </datafield>
  <datafield tag="650" ind1=" " ind2="0">
   <subfield code="a">Future, The, in motion pictures</subfield>
  </datafield>
  <datafield tag="650" ind1="0" ind2="7">
   <subfield code="0">(DE-588)4191123-4</subfield>
   <subfield code="0">(DE-627)10524452X</subfield>
   <subfield code="0">(DE-576)210071370</subfield>
   <subfield code="a">Zukunftsangst</subfield>
   <subfield code="2">gnd</subfield>
  </datafield>
  <datafield tag="650" ind1="0" ind2="7">
   <subfield code="0">(DE-588)4035964-5</subfield>
   <subfield code="0">(DE-627)106245015</subfield>
   <subfield code="0">(DE-576)209015608</subfield>
   <subfield code="a">Literatur</subfield>
   <subfield code="2">gnd</subfield>
  </datafield>
  <datafield tag="650" ind1="0" ind2="7">
   <subfield code="0">(DE-588)4207508-7</subfield>
   <subfield code="0">(DE-627)105119555</subfield>
   <subfield code="0">(DE-576)210181222</subfield>
   <subfield code="a">Katastrophe</subfield>
   <subfield code="g">Motiv</subfield>
   <subfield code="2">gnd</subfield>
  </datafield>
  <datafield tag="650" ind1="0" ind2="7">
   <subfield code="0">(DE-588)4029929-6</subfield>
   <subfield code="0">(DE-627)104774789</subfield>
   <subfield code="0">(DE-576)208984887</subfield>
   <subfield code="a">Katastrophe</subfield>
   <subfield code="2">gnd</subfield>
  </datafield>
  <datafield tag="650" ind1="0" ind2="7">
   <subfield code="0">(DE-588)4002431-3</subfield>
   <subfield code="0">(DE-627)104107065</subfield>
   <subfield code="0">(DE-576)208847049</subfield>
   <subfield code="a">Apokalyptik</subfield>
   <subfield code="2">gnd</subfield>
  </datafield>
  <datafield tag="650" ind1="0" ind2="7">
   <subfield code="0">(DE-588)4125698-0</subfield>
   <subfield code="0">(DE-627)104470348</subfield>
   <subfield code="0">(DE-576)209578750</subfield>
   <subfield code="a">Kultur</subfield>
   <subfield code="2">gnd</subfield>
  </datafield>
  <datafield tag="650" ind1="0" ind2="7">
   <subfield code="0">(DE-588)4076308-0</subfield>
   <subfield code="0">(DE-627)104364106</subfield>
   <subfield code="0">(DE-576)209201428</subfield>
   <subfield code="a">Prävention</subfield>
   <subfield code="2">gnd</subfield>
  </datafield>
  <datafield tag="650" ind1="0" ind2="7">
   <subfield code="0">(DE-588)4563270-4</subfield>
   <subfield code="0">(DE-627)305138200</subfield>
   <subfield code="0">(DE-576)213746735</subfield>
   <subfield code="a">Soziale Konstruktion</subfield>
   <subfield code="2">gnd</subfield>
  </datafield>
  <datafield tag="650" ind1="0" ind2="7">
   <subfield code="0">(DE-588)4191125-8</subfield>
   <subfield code="0">(DE-627)105244503</subfield>
   <subfield code="0">(DE-576)210071397</subfield>
   <subfield code="a">Zukunftserwartung</subfield>
   <subfield code="2">gnd</subfield>
  </datafield>
  <datafield tag="689" ind1="0" ind2="0">
   <subfield code="d">s</subfield>
   <subfield code="0">(DE-588)4029929-6</subfield>
   <subfield code="0">(DE-627)104774789</subfield>
   <subfield code="0">(DE-576)208984887</subfield>
   <subfield code="a">Katastrophe</subfield>
   <subfield code="2">gnd</subfield>
  </datafield>
  <datafield tag="689" ind1="0" ind2="1">
   <subfield code="d">s</subfield>
   <subfield code="0">(DE-588)4191123-4</subfield>
   <subfield code="0">(DE-627)10524452X</subfield>
   <subfield code="0">(DE-576)210071370</subfield>
   <subfield code="a">Zukunftsangst</subfield>
   <subfield code="2">gnd</subfield>
  </datafield>
  <datafield tag="689" ind1="0" ind2="2">
   <subfield code="d">s</subfield>
   <subfield code="0">(DE-588)4002431-3</subfield>
   <subfield code="0">(DE-627)104107065</subfield>
   <subfield code="0">(DE-576)208847049</subfield>
   <subfield code="a">Apokalyptik</subfield>
   <subfield code="2">gnd</subfield>
  </datafield>
  <datafield tag="689" ind1="0" ind2="3">
   <subfield code="d">s</subfield>
   <subfield code="0">(DE-588)4125698-0</subfield>
   <subfield code="0">(DE-627)104470348</subfield>
   <subfield code="0">(DE-576)209578750</subfield>
   <subfield code="a">Kultur</subfield>
   <subfield code="2">gnd</subfield>
  </datafield>
  <datafield tag="689" ind1="0" ind2=" ">
   <subfield code="5">DE-101</subfield>
  </datafield>
  <datafield tag="689" ind1="1" ind2="0">
   <subfield code="a">z</subfield>
   <subfield code="2">gnd</subfield>
   <subfield code="a">Geschichte 1801-</subfield>
  </datafield>
  <datafield tag="689" ind1="1" ind2=" ">
   <subfield code="5">(DE-627)</subfield>
  </datafield>
  <datafield tag="710" ind1="2" ind2=" ">
   <subfield code="a">S. Fischer Verlag</subfield>
   <subfield code="e">Verlag</subfield>
   <subfield code="0">(DE-588)43325-1</subfield>
   <subfield code="0">(DE-627)100992676</subfield>
   <subfield code="0">(DE-576)190388455</subfield>
   <subfield code="4">pbl</subfield>
  </datafield>
  <datafield tag="776" ind1="1" ind2=" ">
   <subfield code="z">9783104013763</subfield>
  </datafield>
  <datafield tag="776" ind1="1" ind2=" ">
   <subfield code="z">9783100168030</subfield>
  </datafield>
  <datafield tag="776" ind1="0" ind2="8">
   <subfield code="i">Erscheint auch als</subfield>
   <subfield code="n">Online-Ausgabe</subfield>
   <subfield code="z">9783104013763</subfield>
  </datafield>
  <datafield tag="776" ind1="0" ind2="8">
   <subfield code="i">Erscheint auch als</subfield>
   <subfield code="n">Druck-Ausgabe</subfield>
   <subfield code="z">9783100168030</subfield>
  </datafield>
  <datafield tag="787" ind1="0" ind2="8">
   <subfield code="i">Rezensiert in</subfield>
   <subfield code="a">Krieger, Peter, 1961 - </subfield>
   <subfield code="t">[Rezension von: Eva Horn, Zukunft als Katastrophe]</subfield>
   <subfield code="d">2019</subfield>
   <subfield code="w">(DE-627)1834133610</subfield>
  </datafield>
  <datafield tag="787" ind1="0" ind2="8">
   <subfield code="i">Rezensiert in</subfield>
   <subfield code="a">Feustel, Robert, 1979 - </subfield>
   <subfield code="t">Eva Horn: Zukunft als Katastrophe</subfield>
   <subfield code="d">2014</subfield>
   <subfield code="h">Online-Ressource</subfield>
   <subfield code="w">(DE-627)1515804089</subfield>
   <subfield code="w">(DE-576)445804084</subfield>
  </datafield>
  <datafield tag="787" ind1="0" ind2="8">
   <subfield code="i">Rezensiert in</subfield>
   <subfield code="w">(DE-603)366024183</subfield>
  </datafield>
  <datafield tag="787" ind1="0" ind2="8">
   <subfield code="i">Rezensiert in</subfield>
   <subfield code="w">(DE-603)415647517</subfield>
  </datafield>
  <datafield tag="787" ind1="0" ind2="8">
   <subfield code="i">Rezensiert in</subfield>
   <subfield code="w">(DE-603)426496183</subfield>
  </datafield>
  <datafield tag="787" ind1="0" ind2="8">
   <subfield code="i">Rezensiert in</subfield>
   <subfield code="w">(DE-603)438564022</subfield>
  </datafield>
  <datafield tag="856" ind1="4" ind2="2">
   <subfield code="u">http://www.gbv.de/dms/weimar/toc/772514666_toc.pdf</subfield>
   <subfield code="m">V:DE-601</subfield>
   <subfield code="m">B:DE-Wim2</subfield>
   <subfield code="q">application/pdf</subfield>
   <subfield code="x">Verlag</subfield>
   <subfield code="y">Inhaltsverzeichnis</subfield>
   <subfield code="3">Inhaltsverzeichnis</subfield>
   <subfield code="7">1</subfield>
  </datafield>
  <datafield tag="856" ind1="4" ind2="2">
   <subfield code="u">http://deposit.dnb.de/cgi-bin/dokserv?id=4517301&amp;prov=M&amp;dok_var=1&amp;dok_ext=htm</subfield>
   <subfield code="m">X: MVB</subfield>
   <subfield code="q">text/html</subfield>
   <subfield code="v">2013-11-27</subfield>
   <subfield code="x">Verlag</subfield>
   <subfield code="3">Inhaltstext</subfield>
   <subfield code="7">1</subfield>
  </datafield>
  <datafield tag="856" ind1="4" ind2="2">
   <subfield code="u">http://d-nb.info/1044422556/04</subfield>
   <subfield code="m">B:DE-101</subfield>
   <subfield code="q">application/pdf</subfield>
   <subfield code="3">Inhaltsverzeichnis</subfield>
   <subfield code="7">1</subfield>
  </datafield>
  <datafield tag="856" ind1="4" ind2="2">
   <subfield code="u">http://deposit.dnb.de/cgi-bin/dokserv?id=7eee86b09c874eb79ca06e538e449dbb&amp;prov=M&amp;dok_var=1&amp;dok_ext=htm</subfield>
   <subfield code="m">X:MVB</subfield>
   <subfield code="q">text/html</subfield>
   <subfield code="v">2020-09-23</subfield>
   <subfield code="x">Verlag</subfield>
   <subfield code="3">Inhaltstext</subfield>
   <subfield code="7">1</subfield>
  </datafield>
  <datafield tag="856" ind1="4" ind2="2">
   <subfield code="u">https://d-nb.info/1204795274/04</subfield>
   <subfield code="m">B:DE-101</subfield>
   <subfield code="q">application/pdf</subfield>
   <subfield code="v">2020-09-23</subfield>
   <subfield code="x">Verlag</subfield>
   <subfield code="3">Inhaltsverzeichnis</subfield>
   <subfield code="7">1</subfield>
  </datafield>
  <datafield tag="856" ind1="4" ind2="2">
   <subfield code="u">http://www.perlentaucher.de/buch/eva-horn/zukunft-als-katastrophe.html</subfield>
   <subfield code="x">Verlag</subfield>
   <subfield code="3">Rezension</subfield>
   <subfield code="7">1</subfield>
  </datafield>
  <datafield tag="856" ind1="4" ind2="2">
   <subfield code="u">http://www.deutschlandfunk.de/weltuntergang-allein-mit-der-katastrophe.700.de.html?dram:article_id=298609</subfield>
   <subfield code="x">Verlag</subfield>
   <subfield code="3">Rezension</subfield>
   <subfield code="7">1</subfield>
  </datafield>
  <datafield tag="889" ind1=" " ind2=" ">
   <subfield code="w">(DE-627)772514666</subfield>
  </datafield>
  <datafield tag="889" ind1=" " ind2=" ">
   <subfield code="w">(DE-627)1958298336</subfield>
  </datafield>
  <datafield tag="935" ind1=" " ind2=" ">
   <subfield code="i">mdedup</subfield>
  </datafield>
  <datafield tag="935" ind1=" " ind2=" ">
   <subfield code="i">Blocktest</subfield>
  </datafield>
  <datafield tag="936" ind1="r" ind2="v">
   <subfield code="a">MS 8010</subfield>
   <subfield code="b">Literatur</subfield>
   <subfield code="k">Soziologie</subfield>
   <subfield code="k">Spezielle Soziologien</subfield>
   <subfield code="k">Kunstsoziologie</subfield>
   <subfield code="k">Literatur</subfield>
   <subfield code="0">(DE-627)1271422956</subfield>
   <subfield code="0">(DE-625)rvk/123807:</subfield>
   <subfield code="0">(DE-576)201422956</subfield>
  </datafield>
  <datafield tag="936" ind1="r" ind2="v">
   <subfield code="a">MR 5800</subfield>
   <subfield code="b">Theorien des sozio-kulturellen Wandels (Innovation, Modernisierung, Postmoderne)</subfield>
   <subfield code="k">Soziologie</subfield>
   <subfield code="k">Sozialwissenschaftliche Theorien und Methoden</subfield>
   <subfield code="k">Jüngere soziologische Theorie</subfield>
   <subfield code="k">Theorien des sozio-kulturellen Wandels (Innovation, Modernisierung, Postmoderne)</subfield>
   <subfield code="0">(DE-627)1270920073</subfield>
   <subfield code="0">(DE-625)rvk/123524:</subfield>
   <subfield code="0">(DE-576)200920073</subfield>
  </datafield>
  <datafield tag="936" ind1="r" ind2="v">
   <subfield code="a">MS 7850-MS 7990</subfield>
   <subfield code="b">Soziologie der Massenkommunikation und öffentlichen Meinung, Mediensoziologie</subfield>
   <subfield code="k">Soziologie</subfield>
   <subfield code="k">Spezielle Soziologien</subfield>
   <subfield code="k">Soziologie der Massenkommunikation und öffentlichen Meinung, Mediensoziologie</subfield>
   <subfield code="0">(DE-627)1275259960</subfield>
   <subfield code="0">(DE-625)rvk/123797:</subfield>
   <subfield code="0">(DE-576)205259960</subfield>
  </datafield>
  <datafield tag="936" ind1="r" ind2="v">
   <subfield code="a">MR 6300</subfield>
   <subfield code="b">Wahrnehmung und Denken</subfield>
   <subfield code="k">Soziologie</subfield>
   <subfield code="k">Sozialwissenschaftliche Theorien und Methoden</subfield>
   <subfield code="k">Psychologische Ansätze</subfield>
   <subfield code="k">Wahrnehmung und Denken</subfield>
   <subfield code="0">(DE-627)1271428318</subfield>
   <subfield code="0">(DE-625)rvk/123531:</subfield>
   <subfield code="0">(DE-576)201428318</subfield>
  </datafield>
  <datafield tag="936" ind1="r" ind2="v">
   <subfield code="a">CV 9000</subfield>
   <subfield code="b">Umweltpsychologie</subfield>
   <subfield code="k">Psychologie</subfield>
   <subfield code="k">Sozialpsychologie</subfield>
   <subfield code="k">Umweltpsychologie</subfield>
   <subfield code="0">(DE-627)127085707X</subfield>
   <subfield code="0">(DE-625)rvk/19170:</subfield>
   <subfield code="0">(DE-576)20085707X</subfield>
  </datafield>
  <datafield tag="936" ind1="r" ind2="v">
   <subfield code="a">CV 9500</subfield>
   <subfield code="b">Sonstiges</subfield>
   <subfield code="k">Psychologie</subfield>
   <subfield code="k">Sozialpsychologie</subfield>
   <subfield code="k">Sonstiges</subfield>
   <subfield code="0">(DE-627)1270707779</subfield>
   <subfield code="0">(DE-625)rvk/19171:</subfield>
   <subfield code="0">(DE-576)200707779</subfield>
  </datafield>
  <datafield tag="936" ind1="r" ind2="v">
   <subfield code="a">WU 3800</subfield>
   <subfield code="b">Die Zukunft des Menschen</subfield>
   <subfield code="k">Biologie</subfield>
   <subfield code="k">Anthropologie</subfield>
   <subfield code="k">Anthropologie allgemein</subfield>
   <subfield code="k">Die Zukunft des Menschen</subfield>
   <subfield code="0">(DE-627)1271508923</subfield>
   <subfield code="0">(DE-625)rvk/152034:</subfield>
   <subfield code="0">(DE-576)201508923</subfield>
  </datafield>
  <datafield tag="936" ind1="r" ind2="v">
   <subfield code="a">MS 7850</subfield>
   <subfield code="b">Allgemeine Theorie der gesellschaftlichen Kommunikation und ihrer Medien; Begriff der Öffentlichkeit; Meinungsbildung, Public Relations</subfield>
   <subfield code="k">Soziologie</subfield>
   <subfield code="k">Spezielle Soziologien</subfield>
   <subfield code="k">Soziologie der Massenkommunikation und öffentlichen Meinung, Mediensoziologie</subfield>
   <subfield code="k">Allgemeine Theorie der gesellschaftlichen Kommunikation und ihrer Medien; Begriff der Öffentlichkeit; Meinungsbildung, Public Relations</subfield>
   <subfield code="0">(DE-627)1271130777</subfield>
   <subfield code="0">(DE-625)rvk/123798:</subfield>
   <subfield code="0">(DE-576)201130777</subfield>
  </datafield>
  <datafield tag="936" ind1="r" ind2="v">
   <subfield code="a">MR 7300</subfield>
   <subfield code="b">Soziale Normen, Leitbilder, Sanktionen, Institutionen</subfield>
   <subfield code="k">Soziologie</subfield>
   <subfield code="k">Sozialwissenschaftliche Theorien und Methoden</subfield>
   <subfield code="k">Kulturelle Ansätze</subfield>
   <subfield code="k">Soziale Normen, Leitbilder, Sanktionen, Institutionen</subfield>
   <subfield code="0">(DE-627)1270710818</subfield>
   <subfield code="0">(DE-625)rvk/123541:</subfield>
   <subfield code="0">(DE-576)200710818</subfield>
  </datafield>
  <datafield tag="936" ind1="r" ind2="v">
   <subfield code="a">MS 6980</subfield>
   <subfield code="b">Ideologie und Ideologiekritik</subfield>
   <subfield code="k">Soziologie</subfield>
   <subfield code="k">Spezielle Soziologien</subfield>
   <subfield code="k">Wissenssoziologie</subfield>
   <subfield code="k">Ideologie und Ideologiekritik</subfield>
   <subfield code="0">(DE-627)127144156X</subfield>
   <subfield code="0">(DE-625)rvk/123774:</subfield>
   <subfield code="0">(DE-576)20144156X</subfield>
  </datafield>
  <datafield tag="936" ind1="r" ind2="v">
   <subfield code="a">EC 5410</subfield>
   <subfield code="b">Einzelne Stoffe und Motive</subfield>
   <subfield code="k">Allgemeine und vergleichende Sprach- und Literaturwissenschaft. Indogermanistik. Außereuropäische Sprachen und Literaturen</subfield>
   <subfield code="k">Allgemeine und vergleichende Literaturwissenschaft.</subfield>
   <subfield code="k">Literaturgeschichte</subfield>
   <subfield code="k">Stoff- und Motivgeschichte</subfield>
   <subfield code="k">Einzelne Stoffe und Motive</subfield>
   <subfield code="0">(DE-627)1270710796</subfield>
   <subfield code="0">(DE-625)rvk/20606:</subfield>
   <subfield code="0">(DE-576)200710796</subfield>
  </datafield>
  <datafield tag="936" ind1="b" ind2="k">
   <subfield code="a">77.69</subfield>
   <subfield code="j">Sozialpsychologie: Sonstiges</subfield>
   <subfield code="0">(DE-627)106413120</subfield>
  </datafield>
  <datafield tag="936" ind1="b" ind2="k">
   <subfield code="a">02.40</subfield>
   <subfield code="j">Futurologie</subfield>
   <subfield code="0">(DE-627)106403257</subfield>
  </datafield>
  <datafield tag="936" ind1="b" ind2="k">
   <subfield code="a">18.00</subfield>
   <subfield code="j">Einzelne Sprachen und Literaturen allgemein</subfield>
   <subfield code="0">(DE-627)106405403</subfield>
  </datafield>
  <datafield tag="936" ind1="b" ind2="k">
   <subfield code="a">17.93</subfield>
   <subfield code="j">Literarische Stoffe</subfield>
   <subfield code="j">literarische Motive</subfield>
   <subfield code="j">literarische Themen</subfield>
   <subfield code="0">(DE-627)106404490</subfield>
  </datafield>
  <datafield tag="936" ind1="s" ind2="n">
   <subfield code="a">e100</subfield>
   <subfield code="2">mzub</subfield>
  </datafield>
  <datafield tag="936" ind1="s" ind2="n">
   <subfield code="a">m200</subfield>
   <subfield code="2">mzub</subfield>
  </datafield>
  <datafield tag="936" ind1="s" ind2="n">
   <subfield code="a">b100</subfield>
   <subfield code="2">mzub</subfield>
  </datafield>
  <datafield tag="936" ind1="s" ind2="n">
   <subfield code="a">b100</subfield>
   <subfield code="2">mzub</subfield>
  </datafield>
  <datafield tag="951" ind1=" " ind2=" ">
   <subfield code="a">BO</subfield>
  </datafield>
  <datafield tag="990" ind1=" " ind2=" ">
   <subfield code="a">Katastrophe</subfield>
  </datafield>
  <datafield tag="990" ind1=" " ind2=" ">
   <subfield code="a">Zukunftsangst</subfield>
  </datafield>
  <datafield tag="990" ind1=" " ind2=" ">
   <subfield code="a">Apokalyptik</subfield>
  </datafield>
  <datafield tag="990" ind1=" " ind2=" ">
   <subfield code="a">Kultur</subfield>
  </datafield>
  <datafield tag="990" ind1=" " ind2=" ">
   <subfield code="a">Geschichte 1801-</subfield>
  </datafield>
  <datafield tag="991" ind1=" " ind2=" ">
   <subfield code="a">Rezensiertes Werk</subfield>
  </datafield>
  <datafield tag="999" ind1=" " ind2=" ">
   <subfield code="a">KXP-PPN821152203</subfield>
   <subfield code="e">427017367X</subfield>
  </datafield>
 </record>
</collection>
